| 000 | 01425ngm a22004330a 4500 | ||
|---|---|---|---|
| 001 | PT39968 | ||
| 003 | AR-LpoUNG | ||
| 005 | 20210201235858.0 | ||
| 007 | vd cvaizq | ||
| 008 | 191001s2007||||ag |||||||||||||||||spa d | ||
| 037 | _c$7.65 | ||
| 040 |
_aAR-LpoUNG _bspa _cAR-LpoUNG _eaacr |
||
| 041 | _aspa | ||
| 044 | _aag | ||
| 082 | 0 | _a305.563 65rio | |
| 100 | 1 |
_aOrden, Ulises de la _edir. |
|
| 245 | 1 | 0 | _aRío arriba |
| 260 |
_aBuenos Aires : _bUniversidad del Cine, _c2007. |
||
| 300 | _aDVD (72 min.) : son., col. | ||
| 505 | 0 | _aHecha en 2004. - Elenco: Paz Encina, Germán Cantore, Miguel Pérez y Ulises de la Orden | |
| 520 | _aUn hombre recorre la quebrada del río Iruya, en Salta. A través de sus pobladores se entera de los motivos que produjeron la erosión de las antiguas terrazas de cultivo, cuando los campesinos eran llevados a trabajar a la zafra, con sistemas de contratación esclavista, similares a la encomienda de la colonia. | ||
| 650 | 4 | _aAGRICULTURA | |
| 650 | 4 | _aANALISIS HISTORICO | |
| 650 | 4 | _aARGENTINA | |
| 650 | 4 | _aCAMPESINADO | |
| 650 | 4 | _aCAMPESINADO | |
| 650 | 4 | _aCONDICIONES DE TRABAJO | |
| 650 | 4 | _aESCLAVITUD | |
| 650 | 4 | _aPOBLACION AGRICOLA | |
| 650 | 4 | _aTRABAJO | |
| 650 | 4 | _aTRABAJO FORZADO | |
| 651 | 4 | _aArgentina | |
| 653 | _aCINE ARGENTNO | ||
| 653 | _aDOCUMENTALES | ||
| 653 | _aDVD | ||
| 653 | _aVIDEOS | ||
| 905 | _a39968 | ||
| 942 | _cDVD | ||
| 999 |
_c53684 _d53684 |
||